[Event "DEM U10 2005"]
[Site "Willingen GER"]
[Date "2005.05.17"]
[Round "5"]
[White "Kaphle, Sebastian"]
[Black "Zier, Oliver"]
[Result "1-0"]
[Termination "normal"]
[Board "1"]
[WhiteElo "1824"]
[BlackElo "1563"]
[PlyCount "47"]
[WhiteFideId "24626708"]
[BlackFideId "24631906"]
[EventCountry "GER"]
[EventRounds "11"]
[EventType "swiss"]
[EventDate "2005.05.15"]

1. e4 c5 2. Nf3 e6 3. d4 cxd4 4. Nxd4 Nf6 5. Nc3 Nc6 6. Nxc6 bxc6 7. e5 Nd5 8.
Ne4 Qa5+ 9. Bd2 Qb6 10. c4 Qxb2 11. cxd5 Qxe5 12. Bd3 cxd5 13. f4 Qd4 14. Nf2
Bc5 15. Rf1 e5 16. fxe5 d6 17. Bb5+ Ke7 18. Bg5+ f6 19. exd6+ Kf8 20. Qxd4 Bxd4
21. Rd1 Be5 22. Rxd5 Be6 23. Rxe5 fxe5 24. Ne4+ 1-0

[Event "DEM U10 2005"]
[Site "Willingen GER"]
[Date "2005.05.17"]
[Round "5"]
[White "Noe, Christopher"]
[Black "Schäfer, Daniela"]
[Result "1-0"]
[Termination "normal"]
[Board "3"]
[WhiteElo "1509"]
[BlackElo "1233"]
[PlyCount "85"]
[WhiteFideId "24692018"]
[BlackFideId "4624769"]
[EventCountry "GER"]
[EventRounds "11"]
[EventType "swiss"]
[EventDate "2005.05.15"]

1. d4 d6 2. c4 g6 3. Bd2 Bg7 4. Bc3 Nf6 5. e3 c6 6. Bd3 Nbd7 7. Ne2 Qc7 8. Nd2
e5 9. O-O O-O 10. Rc1 Re8 11. Ng3 Re7 12. Re1 b6 13. d5 Nc5 14. Nde4 Nxd3 15.
Nxf6+ Bxf6 16. Qxd3 Bg7 17. dxc6 Qxc6 18. e4 Bh6 19. Rcd1 Rd7 20. b3 Ba6 21.
Bb4 Rad8 22. Bd2 Bxd2 23. Qxd2 b5 24. cxb5 Bxb5 25. Rc1 Qb7 26. Re3 d5 27. exd5
Rxd5 28. Qe1 f6 29. h3 Kf7 30. Rec3 Qb6 31. Kh2 Rd2 32. a4 Ba6 33. Rc6 Qa5 34.
Ne4 R2d5 35. Qxa5 Rxa5 36. b4 Rxa4 37. Rxf6+ Ke7 38. Rc7+ Ke8 39. Nc5 Rxb4 40.
Nxa6 Ra4 41. Rxh7 Rd2 42. Nc7+ Kd8 43. Rf8# 1-0

[Event "DEM U10 2005"]
[Site "Willingen GER"]
[Date "2005.05.17"]
[Round "5"]
[White "Grewenig, Jan"]
[Black "Rozenfeld, Elisabeth"]
[Result "1-0"]
[Termination "normal"]
[Board "5"]
[WhiteElo "1214"]
[BlackElo "1383"]
[PlyCount "107"]
[WhiteFideId "4657330"]
[BlackFideId "4624742"]
[EventCountry "GER"]
[EventRounds "11"]
[EventType "swiss"]
[EventDate "2005.05.15"]

1. e4 e5 2. Nf3 Nf6 3. Nxe5 d6 4. Nf3 Nxe4 5. d4 d5 6. Bd3 Bg4 7. h3 Bh5 8. Be3
Bb4+ 9. c3 Bd6 10. Nbd2 f5 11. Qc2 f4 12. Bxe4 fxe3 13. fxe3 dxe4 14. Qxe4+ Be7
15. Qxb7 Nd7 16. Qc6 O-O 17. O-O Rb8 18. b3 Rb6 19. Qc4+ Kh8 20. Rae1 Bg6 21.
e4 Nf6 22. Ne5 Be8 23. Qd3 Bd6 24. Qc2 Nd7 25. Rxf8+ Bxf8 26. Ndc4 Rf6 27. Nf3
Nb6 28. Nce5 c5 29. d5 Bd6 30. Ng4 Rf4 31. e5 Bb8 32. c4 Bg6 33. Qd2 Re4 34. e6
Rxe1+ 35. Qxe1 Bh5 36. Nge5 Bxf3 37. Nf7+ Kg8 38. Nxd8 Bh5 39. e7 Be8 40. Qf1
Nd7 41. Ne6 Bd6 42. Qf5 g6 43. Qg5 Kf7 44. Qh6 Kxe7 45. Qxh7+ Bf7 46. Ng5 Ne5
47. Nxf7 Nxf7 48. Qxg6 Ne5 49. Qe6+ Kf8 50. Qxd6+ Ke8 51. Qxe5+ Kd7 52. d6 Kd8
53. Qe7+ Kc8 54. Qc7# 1-0

[Event "DEM U10 2005"]
[Site "Willingen GER"]
[Date "2005.05.17"]
[Round "5"]
[White "Xu, Xianliang"]
[Black "Barzen, Pascal"]
[Result "1/2-1/2"]
[Termination "normal"]
[Board "6"]
[WhiteElo "1370"]
[BlackElo "1204"]
[PlyCount "111"]
[WhiteFideId "4603230"]
[BlackFideId "24653497"]
[EventCountry "GER"]
[EventRounds "11"]
[EventType "swiss"]
[EventDate "2005.05.15"]

1. c4 c6 2. Nf3 d5 3. b3 Bf5 4. Bb2 e6 5. g3 Nf6 6. Bg2 h6 7. O-O Bc5 8. d4 Bb6
9. Nbd2 O-O 10. c5 Bc7 11. Rc1 Nbd7 12. b4 a6 13. a4 Re8 14. Nh4 Bh7 15. Nhf3
Ne4 16. a5 Nxd2 17. Qxd2 e5 18. e3 e4 19. Ne1 f5 20. f4 h5 21. Qf2 Nf6 22. h3
Qe7 23. Kh1 Bd8 24. Rg1 Nd7 25. h4 Qf6 26. Bh3 Qg6 27. Qe2 Nf6 28. Nc2 Ng4 29.
Bxg4 hxg4 30. Qh2 Qh5 31. Ne1 Re6 32. Ng2 Bg6 33. Bc3 Bf7 34. Be1 Rh6 35. Rc2
Be7 36. Rf1 Kh7 37. Rd2 Rh8 38. Kg1 Be6 39. Rc2 Kg8 40. Rd2 Qg6 41. Rb2 Rh5 42.
Bf2 R8h6 43. Re1 Qh7 44. Kf1 Bd8 45. Rc2 Bc7 46. Rb2 g5 47. fxg5 Rxg5 48. Qg1
Rgg6 49. Rc2 Qd7 50. Rb2 Qc8 51. Rc2 Qb8 52. Nf4 Bxf4 53. exf4 Qe8 54. Rce2 Bf7
55. Re3 Re6 56. R1e2 1/2-1/2

[Event "DEM U10 2005"]
[Site "Willingen GER"]
[Date "2005.05.17"]
[Round "5"]
[White "Schreiner, Till"]
[Black "Gheng, Michael Dan"]
[Result "1-0"]
[Termination "normal"]
[Board "7"]
[WhiteElo "1204"]
[BlackElo "1368"]
[PlyCount "67"]
[WhiteFideId "24675555"]
[EventCountry "GER"]
[EventRounds "11"]
[EventType "swiss"]
[EventDate "2005.05.15"]

1. d4 d5 2. c4 e6 3. Nc3 Nf6 4. Bg5 c5 5. e3 b6 6. Nf3 Bb7 7. Bd3 Be7 8. O-O
O-O 9. Re1 Nc6 10. Rc1 dxc4 11. Bxc4 Na5 12. Bd3 c4 13. Bb1 Rc8 14. Qc2 g6 15.
h4 Bxf3 16. gxf3 Nh5 17. f4 Bxg5 18. fxg5 f6 19. Qe4 Ng7 20. f4 Qe8 21. Kg2 Qf7
22. Rh1 fxg5 23. hxg5 Rcd8 24. Rh2 e5 25. Rf1 exd4 26. exd4 Rfe8 27. Qf3 Rxd4
28. Ne4 Rf8 29. Nf6+ Qxf6 30. gxf6 Rxf6 31. Qa8+ Rf8 32. Qxa7 Nh5 33. Rxh5 gxh5
34. Qxh7# 1-0

[Event "DEM U10 2005"]
[Site "Willingen GER"]
[Date "2005.05.17"]
[Round "5"]
[White "Lebeda, Timo"]
[Black "Pältz, Sebastian"]
[Result "1-0"]
[Termination "normal"]
[Board "8"]
[WhiteElo "1315"]
[BlackElo "1196"]
[PlyCount "63"]
[WhiteFideId "4638565"]
[BlackFideId "24648027"]
[EventCountry "GER"]
[EventRounds "11"]
[EventType "swiss"]
[EventDate "2005.05.15"]

1. e4 d5 2. exd5 Qxd5 3. Nc3 Qa5 4. d4 c6 5. Nf3 Nf6 6. Bc4 Bg4 7. Qd3 e6 8.
Bd2 Qc7 9. h3 Bh5 10. O-O-O b5 11. Bb3 a5 12. a3 b4 13. Nb1 Nbd7 14. a4 Bd6 15.
Rhe1 O-O 16. g4 Bg6 17. Qe2 Nd5 18. Ne5 Nxe5 19. dxe5 Bc5 20. Rf1 Rfc8 21. f4
Qd7 22. h4 h6 23. Qf3 Be7 24. h5 Bh7 25. f5 exf5 26. gxf5 Bg5 27. Bxg5 hxg5 28.
f6 Rd8 29. fxg7 Kxg7 30. Bxd5 cxd5 31. Qf6+ Kg8 32. Qxg5+ 1-0

[Event "DEM U10 2005"]
[Site "Willingen GER"]
[Date "2005.05.17"]
[Round "5"]
[White "Stahnecker, Ludwig"]
[Black "Neumair, Jerome"]
[Result "1/2-1/2"]
[Termination "normal"]
[Board "9"]
[WhiteElo "1307"]
[BlackElo "1162"]
[PlyCount "66"]
[WhiteFideId "24692026"]
[BlackFideId "24672637"]
[EventCountry "GER"]
[EventRounds "11"]
[EventType "swiss"]
[EventDate "2005.05.15"]

1. e4 e6 2. d4 d5 3. Nc3 Bb4 4. e5 c5 5. a3 Ba5 6. Qg4 Bxc3+ 7. bxc3 g6 8. Bg5
Qc7 9. Bd3 Nd7 10. Nf3 cxd4 11. Qxd4 h6 12. Bd2 Qc5 13. O-O Ne7 14. Be3 Qc7 15.
Rab1 Nc6 16. Qf4 Ncxe5 17. Nxe5 Qxe5 18. Qxe5 Nxe5 19. Bd4 f6 20. Bxe5 fxe5 21.
Bxg6+ Ke7 22. Rfe1 Rg8 23. Bh5 Rg5 24. g4 e4 25. c4 Kd6 26. cxd5 exd5 27. h3 b6
28. Rbd1 Ke5 29. Bf7 Be6 30. Bxe6 Kxe6 31. f3 Ke5 32. c4 Kf4 33. cxd5 Kxf3
1/2-1/2

[Event "DEM U10 2005"]
[Site "Willingen GER"]
[Date "2005.05.17"]
[Round "5"]
[White "Gitter, Lucas"]
[Black "Kyas, Philipp"]
[Result "0-1"]
[Termination "normal"]
[Board "10"]
[WhiteElo "1187"]
[BlackElo "1273"]
[PlyCount "116"]
[WhiteFideId "24667587"]
[BlackFideId "24670936"]
[EventCountry "GER"]
[EventRounds "11"]
[EventType "swiss"]
[EventDate "2005.05.15"]

1. e4 e5 2. Bc4 Nc6 3. Nf3 Bc5 4. d3 h6 5. Nc3 d6 6. Be3 Bb6 7. Qd2 Be6 8. Bb3
Nf6 9. O-O-O d5 10. exd5 Nxd5 11. Ba4 Nde7 12. Nxe5 Qd6 13. Nxc6 Nxc6 14. g3
O-O-O 15. Ne4 Qd5 16. Bb3 Qf5 17. Bxe6+ Qxe6 18. Kb1 Rhe8 19. Qc3 g5 20. Bxb6
axb6 21. Qf6 Qxf6 22. Nxf6 Re6 23. Ne4 f5 24. Nc3 Rde8 25. h4 g4 26. d4 Rd6 27.
d5 Ne5 28. Rhe1 Kd8 29. f4 gxf3 30. Rf1 Rg8 31. Rde1 Nc4 32. Rg1 f2 33. Rd1 Ne3
34. Rh1 Nxd1 35. Nxd1 Rxd5 36. Nxf2 Rd2 37. Nd3 Rxg3 38. Kc1 Rgg2 39. Ne1 Rh2
40. Rf1 Rdf2 41. Rg1 Rxh4 42. Nd3 Rfh2 43. Rd1 Rh1 44. Nf2+ Rxd1+ 45. Kxd1 Ke7
46. Nd3 f4 47. Ne1 Rh1 48. Ke2 Rxe1+ 49. Kxe1 Kf6 50. Kf2 Kg5 51. c3 Kg4 52.
Kg2 f3+ 53. Kf2 Kf4 54. b4 h5 55. c4 h4 56. a4 h3 57. c5 h2 58. cxb6 h1=Q 0-1

[Event "DEM U10 2005"]
[Site "Willingen GER"]
[Date "2005.05.17"]
[Round "5"]
[White "Göbel, Constantin"]
[Black "Gerntke, Oliver"]
[Result "1-0"]
[Termination "normal"]
[Board "11"]
[WhiteElo "1261"]
[BlackElo "1085"]
[PlyCount "87"]
[WhiteFideId "24647071"]
[BlackFideId "24647977"]
[EventCountry "GER"]
[EventRounds "11"]
[EventType "swiss"]
[EventDate "2005.05.15"]

1. e4 e5 2. Nf3 Nc6 3. Bb5 Nf6 4. d3 Be7 5. O-O O-O 6. Be3 d6 7. h3 Bd7 8. Nc3
Qc8 9. Kh2 Be6 10. Ng5 Ne8 11. Nxe6 fxe6 12. f4 exf4 13. Bxf4 Nd4 14. Bc4 Kh8
15. Qd2 Nf6 16. Be3 Nc6 17. d4 Qd7 18. Bb5 a6 19. Bd3 Rf7 20. d5 exd5 21. exd5
Nd8 22. Bf5 Qe8 23. Rae1 g6 24. Bd3 Qg8 25. Bd4 c6 26. Rxe7 Rxe7 27. Bxf6+ Rg7
28. Bxg7+ Qxg7 29. Qf2 cxd5 30. Qf6 d4 31. Qxg7+ Kxg7 32. Ne4 d5 33. Nd6 b5 34.
Ne8+ Kg8 35. Nc7 Rb8 36. Nxa6 Ra8 37. Nb4 Ra4 38. a3 Kg7 39. Nxd5 Ra5 40. Kg3
h5 41. Rf6 Kh6 42. Rxg6+ Kh7 43. Nf6+ Kh8 44. Rg8# 1-0

[Event "DEM U10 2005"]
[Site "Willingen GER"]
[Date "2005.05.17"]
[Round "5"]
[White "Strohmann, Marcel"]
[Black "Davydov, Ruven"]
[Result "0-1"]
[Termination "normal"]
[Board "12"]
[WhiteElo "1140"]
[BlackElo "1250"]
[PlyCount "148"]
[BlackFideId "24666068"]
[EventCountry "GER"]
[EventRounds "11"]
[EventType "swiss"]
[EventDate "2005.05.15"]

1. f4 e5 2. fxe5 d6 3. Nf3 dxe5 4. Nxe5 Bd6 5. Nf3 g5 6. g3 g4 7. Nh4 Nf6 8.
Bg2 Nh5 9. O-O Bxg3 10. Nf5 Bxf5 11. Rxf5 Bxh2+ 12. Kxh2 Qh4+ 13. Kg1 g3 14. e3
Ng7 15. Rf4 Qh2+ 16. Kf1 Ne6 17. Rg4 c6 18. Qf3 Qh6 19. Qxg3 Qf6+ 20. Qf3 Qe7
21. b3 f5 22. Qxf5 Rf8 23. Rg8 Rxg8 24. Qh5+ Qf7+ 25. Qxf7+ Kxf7 26. Bb2 Nd7
27. Nc3 Raf8 28. Kg1 Rg6 29. Rf1+ Ke7 30. Ba3+ c5 31. Nd5+ Kd6 32. Rxf8 Nexf8
33. d4 Rxg2+ 34. Kxg2 Kxd5 35. c4+ Kc6 36. dxc5 Nxc5 37. e4 Nfe6 38. e5 Nd3 39.
Bd6 Nc1 40. b4 Nxa2 41. b5+ Kb6 42. Kf3 Nc3 43. Kg4 Nxb5 44. cxb5 Kxb5 45. Kf5
Nd8 46. Bc7 Nc6 47. e6 a5 48. Bd8 a4 49. e7 Nxe7+ 50. Bxe7 Kc4 51. Ke4 b5 52.
Ke3 Kb3 53. Kd3 a3 54. Bf6 a2 55. Kd2 h5 56. Ke3 Kc2 57. Kf4 b4 58. Kg5 b3 59.
Kxh5 b2 60. Bxb2 Kxb2 61. Kg5 a1=Q 62. Kf4 Qe1 63. Kf5 Qe3 64. Kf6 Qe4 65. Kf7
Qc6 66. Ke7 Kc3 67. Kf7 Qd6 68. Kg7 Qe6 69. Kh7 Qg4 70. Kh8 Qg5 71. Kh7 Kd4 72.
Kh8 Ke5 73. Kh7 Kf6 74. Kh8 Qg7# 0-1

[Event "DEM U10 2005"]
[Site "Willingen GER"]
[Date "2005.05.17"]
[Round "5"]
[White "Spangenberg, Romy"]
[Black "Babayev, Ramil"]
[Result "1/2-1/2"]
[Termination "normal"]
[Board "13"]
[WhiteElo "1239"]
[BlackElo "1533"]
[PlyCount "78"]
[WhiteFideId "4627997"]
[BlackFideId "24664243"]
[EventCountry "GER"]
[EventRounds "11"]
[EventType "swiss"]
[EventDate "2005.05.15"]

1. e4 c5 2. Nf3 e6 3. d4 cxd4 4. Nxd4 a6 5. g3 Qc7 6. Nc3 b5 7. Bg2 Bb7 8. O-O
Nf6 9. Bg5 Be7 10. Qd2 h6 11. Be3 Bb4 12. Ncxb5 axb5 13. Qxb4 Ba6 14. Nxb5 Bxb5
15. Qxb5 Nc6 16. a3 O-O 17. b4 Rfc8 18. Rfc1 Ng4 19. Bd2 Nd4 20. Qf1 Qa7 21.
Bh3 Ne5 22. Be3 Qa4 23. Bxd4 Nf3+ 24. Kh1 Nxd4 25. Qd3 Nxc2 26. Rab1 Qxa3 27.
Qxa3 Nxa3 28. Rxc8+ Rxc8 29. Rd1 Rc7 30. Bf1 Kf8 31. Kg2 Ke7 32. Ra1 Ra7 33.
Kf3 Nb5 34. Rxa7 Nxa7 35. Ke3 Kd6 36. Kd4 Kc7 37. Ba6 d6 38. f4 Kc6 39. Be2 g6
1/2-1/2

[Event "DEM U10 2005"]
[Site "Willingen GER"]
[Date "2005.05.17"]
[Round "5"]
[White "Gisy, Roberto"]
[Black "Möhn, Hans"]
[Result "1/2-1/2"]
[Termination "normal"]
[Board "14"]
[WhiteElo "1366"]
[BlackElo "1161"]
[PlyCount "51"]
[BlackFideId "24647837"]
[EventCountry "GER"]
[EventRounds "11"]
[EventType "swiss"]
[EventDate "2005.05.15"]

1. e4 c5 2. c3 Nf6 3. e5 Nd5 4. d4 e6 5. Nf3 cxd4 6. cxd4 Nc6 7. a3 Be7 8. Bd3
O-O 9. O-O a6 10. Bc2 b5 11. Qd3 g6 12. b4 Bb7 13. Qd2 Re8 14. Qh6 Bf8 15. Qh3
f6 16. Nbd2 f5 17. Nb3 Be7 18. Bd2 Rf8 19. Rac1 Rf7 20. Bb1 Nb6 21. Bd3 Nd5 22.
Nc5 Rb8 23. Qh6 Bf8 24. Qh3 Be7 25. Qh6 Bf8 26. Qh3 1/2-1/2

[Event "DEM U10 2005"]
[Site "Willingen GER"]
[Date "2005.05.17"]
[Round "5"]
[White "Große, Christian"]
[Black "Barden, Andrea"]
[Result "1-0"]
[Termination "normal"]
[Board "15"]
[WhiteElo "1347"]
[BlackElo "990"]
[PlyCount "103"]
[WhiteFideId "24646156"]
[BlackFideId "24698822"]
[EventCountry "GER"]
[EventRounds "11"]
[EventType "swiss"]
[EventDate "2005.05.15"]

1. c4 g6 2. d4 Bg7 3. Nc3 Nf6 4. e4 d6 5. f4 O-O 6. e5 dxe5 7. fxe5 Nfd7 8. Bd3
e6 9. Nf3 c5 10. Be3 cxd4 11. Bxd4 Nc6 12. Bc2 Ndxe5 13. Nxe5 Bxe5 14. Bxe5
Qxd1+ 15. Rxd1 Nxe5 16. b3 b6 17. Kf2 Bb7 18. Rhe1 Ng4+ 19. Kg3 h5 20. h3 Nf6
21. Rf1 Kg7 22. Rf2 Rad8 23. Rfd2 Rc8 24. Nb5 Ra8 25. Kf4 Rfc8 26. Nd6 Rc7 27.
g4 hxg4 28. hxg4 Bc6 29. g5 Nh5+ 30. Ke5 Bf3 31. Rf1 Rc5+ 32. Kd4 Bc6 33. b4
Rxg5 34. Rxf7+ Kh6 35. Rc7 Rg2 36. Rxg2 Bxg2 37. Nf7+ Kg7 38. Ne5+ Kf6 39. Rf7+
Kg5 40. Bxg6 Nf4 41. Bc2 Bh3 42. Nf3+ Kg4 43. Ne5+ Kg5 44. Rg7+ Kf6 45. Rf7+
Kg5 46. Nf3+ Kg4 47. Be4 Bg2 48. Bxa8 Bxf3 49. Bxf3+ Kxf3 50. Ke5 Ke3 51. Rxf4
Kd3 52. c5 1-0

[Event "DEM U10 2005"]
[Site "Willingen GER"]
[Date "2005.05.17"]
[Round "5"]
[White "Sarchisov, Slavik"]
[Black "Friedt, Marius"]
[Result "1-0"]
[Termination "normal"]
[Board "16"]
[WhiteElo "1337"]
[BlackElo "1127"]
[PlyCount "53"]
[WhiteFideId "24647888"]
[BlackFideId "4642830"]
[EventCountry "GER"]
[EventRounds "11"]
[EventType "swiss"]
[EventDate "2005.05.15"]

1. e4 c5 2. c3 Nc6 3. Bd3 g6 4. Bc2 Bg7 5. Nf3 Nf6 6. d4 cxd4 7. cxd4 O-O 8.
Nc3 e6 9. Bg5 Qb6 10. Rb1 Nb4 11. a4 Nxc2+ 12. Qxc2 d5 13. e5 Nd7 14. Be7 Re8
15. Bd6 f6 16. Nb5 Bf8 17. Nc7 Bxd6 18. exd6 Qxd6 19. Nxe8 Qb4+ 20. Qc3 Qxa4
21. Nc7 Qa2 22. O-O Rb8 23. Nxe6 b5 24. Rfe1 Ba6 25. Qc6 Nb6 26. Qc7 Rb7 27.
Qd8+ 1-0

[Event "DEM U10 2005"]
[Site "Willingen GER"]
[Date "2005.05.17"]
[Round "5"]
[White "Titgemeyer, Sven"]
[Black "Müller, Alexander"]
[Result "0-1"]
[Termination "normal"]
[Board "17"]
[WhiteElo "1041"]
[BlackElo "1336"]
[PlyCount "106"]
[WhiteFideId "24676934"]
[BlackFideId "4624696"]
[EventCountry "GER"]
[EventRounds "11"]
[EventType "swiss"]
[EventDate "2005.05.15"]

1. e4 e5 2. Nf3 Nc6 3. Bc4 Bc5 4. c3 d6 5. d4 exd4 6. cxd4 Bb6 7. d5 Ne5 8.
Nxe5 dxe5 9. Qa4+ Bd7 10. Bb5 Nf6 11. Bxd7+ Qxd7 12. Qxd7+ Nxd7 13. Nc3 O-O 14.
O-O Rad8 15. Bg5 f6 16. Bh4 Nc5 17. Rad1 a6 18. Rfe1 Rd7 19. Re3 Rfd8 20. Rg3
Kf7 21. Rf3 h6 22. b4 Nxe4 23. Nxe4 Rxd5 24. Rxd5 Rxd5 25. Kf1 Rd4 26. Nc5 Bxc5
27. bxc5 Rxh4 28. Rd3 Ke7 29. Rb3 Kd7 30. Rxb7 Kc6 31. Ra7 Ra4 32. Ke2 Rxa2+
33. Kf3 Ra4 34. Kg3 Ra5 35. Kf3 Rxc5 36. Rxa6+ Kd7 37. Ra2 Rd5 38. Ke4 Rd4+ 39.
Ke3 Kd6 40. Rc2 c5 41. Kf3 g5 42. Ke3 f5 43. Kf3 Kd5 44. Ke3 c4 45. Ke2 f4 46.
Ke1 Rd3 47. Ke2 Kd4 48. Ke1 e4 49. Ke2 c3 50. Ke1 e3 51. fxe3+ fxe3 52. g4 Rd2
53. Rc1 Rxh2 0-1

[Event "DEM U10 2005"]
[Site "Willingen GER"]
[Date "2005.05.17"]
[Round "5"]
[White "Pfeiffer, Daniel"]
[Black "Pohl, Theresa"]
[Result "1-0"]
[Termination "normal"]
[Board "19"]
[WhiteElo "1428"]
[BlackElo "1049"]
[PlyCount "39"]
[WhiteFideId "24641960"]
[EventCountry "GER"]
[EventRounds "11"]
[EventType "swiss"]
[EventDate "2005.05.15"]

1. e4 e5 2. Nf3 Nc6 3. Bc4 g6 4. Nc3 Bg7 5. d3 Nf6 6. Be3 O-O 7. Qd2 d6 8. Bh6
Bxh6 9. Qxh6 Be6 10. Bb3 Ng4 11. Qd2 a6 12. h3 Nf6 13. Qh6 b5 14. Ng5 Nd4 15.
O-O-O c6 16. h4 Re8 17. Bxe6 Nxe6 18. h5 Ng4 19. Qxh7+ Kf8 20. Qxf7# 1-0

[Event "DEM U10 2005"]
[Site "Willingen GER"]
[Date "2005.05.17"]
[Round "5"]
[White "Tran, Duc Cuong"]
[Black "Düssler, Stefanie"]
[Result "0-1"]
[Termination "normal"]
[Board "20"]
[WhiteElo "1395"]
[BlackElo "1087"]
[PlyCount "54"]
[WhiteFideId "24689718"]
[BlackFideId "4634780"]
[EventCountry "GER"]
[EventRounds "11"]
[EventType "swiss"]
[EventDate "2005.05.15"]

1. e4 e5 2. Nf3 Nf6 3. Nxe5 d6 4. Nf3 Nxe4 5. Nc3 d5 6. d4 Bb4 7. Bd2 Bg4 8.
Be2 O-O 9. O-O Nc6 10. Re1 Re8 11. a3 Bxc3 12. bxc3 Qd7 13. Bb5 a6 14. Be2 Re7
15. Ng5 Bxe2 16. Rxe2 Rae8 17. Rb1 Nxg5 18. Rxe7 Qxe7 19. h3 b5 20. Qg4 Ne4 21.
Re1 Qe6 22. Qf4 Qf6 23. Qxc7 Qxf2+ 24. Kh2 Qf6 25. Re3 Qd6+ 26. Qxd6 Nxd6 27.
Rg3 Ne4 0-1

[Event "DEM U10 2005"]
[Site "Willingen GER"]
[Date "2005.05.17"]
[Round "5"]
[White "Peil, Christoph"]
[Black "Nitsche-Hahn, Maxim"]
[Result "0-1"]
[Termination "normal"]
[Board "21"]
[WhiteElo "1096"]
[BlackElo "1356"]
[PlyCount "98"]
[WhiteFideId "24651800"]
[BlackFideId "4613090"]
[EventCountry "GER"]
[EventRounds "11"]
[EventType "swiss"]
[EventDate "2005.05.15"]

1. d4 d5 2. c4 e6 3. Nc3 c6 4. Nf3 Nf6 5. Bf4 Be7 6. e3 O-O 7. Bd3 Nbd7 8. O-O
h6 9. Qc2 Re8 10. Rad1 Rf8 11. Rfe1 a6 12. h3 Nb6 13. b3 Nbd7 14. Re2 Bb4 15.
Ne5 Qe8 16. Nxd7 Bxd7 17. Na4 Qd8 18. c5 Ba5 19. Bd6 Re8 20. a3 b5 21. Nc3 Bc7
22. Bxc7 Qxc7 23. e4 dxe4 24. Bxe4 Rac8 25. Rde1 Re7 26. Bf5 Rce8 27. Bd3 Rc8
28. Re5 Nd5 29. Ne4 f6 30. Rh5 Nf4 31. Rh4 Rf8 32. Nd6 g5 33. Rg4 e5 34. Rg3
exd4 35. h4 Nh5 36. Bc4+ Kh8 37. Nf7+ Rexf7 38. Bxf7 Bf5 39. Qxf5 Qxf7 40. Rh3
Nf4 41. Rf3 d3 42. Rd1 d2 43. hxg5 hxg5 44. Qc2 Qd5 45. Qb2 Kg7 46. g3 Qxf3 47.
gxf4 Qxd1+ 48. Kg2 Qg4+ 49. Kh2 Rh8# 0-1

[Event "DEM U10 2005"]
[Site "Willingen GER"]
[Date "2005.05.17"]
[Round "5"]
[White "Stuhler, Kilian"]
[Black "Klek, Hanna-Marie"]
[Result "0-1"]
[Termination "normal"]
[Board "22"]
[WhiteElo "1087"]
[BlackElo "1340"]
[PlyCount "58"]
[BlackFideId "24670057"]
[EventCountry "GER"]
[EventRounds "11"]
[EventType "swiss"]
[EventDate "2005.05.15"]

1. e4 d5 2. exd5 Qxd5 3. Nc3 Qa5 4. d4 Nf6 5. Nf3 c6 6. Bd2 Bf5 7. Ne4 Qc7 8.
Nxf6+ gxf6 9. Bc4 e6 10. O-O Nd7 11. Re1 O-O-O 12. Nh4 Bg6 13. Bb3 Bd6 14. h3
Rdg8 15. Qf3 Qb6 16. Be3 Qb5 17. a4 Qa5 18. Rad1 Bh5 19. g4 f5 20. Kf1 fxg4 21.
Qh1 gxh3 22. Bd2 Qa6+ 23. c4 Bxd1 24. Rxd1 h2 25. Ng2 Rg6 26. Bc2 Qxc4+ 27. Ke1
Qxc2 28. Rc1 Qe4+ 29. Kd1 Rxg2 0-1

[Event "DEM U10 2005"]
[Site "Willingen GER"]
[Date "2005.05.17"]
[Round "5"]
[White "Grünwald, Sven"]
[Black "Dang, An-Hai"]
[Result "1-0"]
[Termination "normal"]
[Board "23"]
[WhiteElo "1323"]
[BlackElo "1038"]
[PlyCount "25"]
[WhiteFideId "24629642"]
[EventCountry "GER"]
[EventRounds "11"]
[EventType "swiss"]
[EventDate "2005.05.15"]

1. e4 d5 2. exd5 Nf6 3. Nc3 Nxd5 4. Bc4 Nxc3 5. Qf3 e6 6. dxc3 Nc6 7. Qg3 Bc5
8. Qxg7 Rf8 9. Bh6 Qh4 10. b4 Qxc4 11. bxc5 Qxc5 12. O-O-O Qxf2 13. Qxf8# 1-0

[Event "DEM U10 2005"]
[Site "Willingen GER"]
[Date "2005.05.17"]
[Round "5"]
[White "Blübaum, Matthias"]
[Black "Steinicke, Rebecca"]
[Result "1-0"]
[Termination "normal"]
[Board "24"]
[WhiteElo "1209"]
[BlackElo "1019"]
[PlyCount "51"]
[WhiteFideId "24651516"]
[EventCountry "GER"]
[EventRounds "11"]
[EventType "swiss"]
[EventDate "2005.05.15"]

1. d4 d5 2. c4 c6 3. Nc3 Nf6 4. e3 e6 5. Nf3 Nbd7 6. Bd3 Bd6 7. O-O O-O 8. e4
h6 9. e5 Bc7 10. exf6 Qxf6 11. Be3 e5 12. dxe5 Nxe5 13. cxd5 Nxf3+ 14. Qxf3 Qd6
15. Qg3 Qd7 16. Bf4 Bxf4 17. Qxf4 cxd5 18. Rad1 Qc6 19. Nxd5 Qxd5 20. Bh7+ Kxh7
21. Rxd5 Be6 22. Rd3 Rac8 23. Rc1 g5 24. Rxc8 Rxc8 25. Qd2 Bf5 26. Rc3 1-0

[Event "DEM U10 2005"]
[Site "Willingen GER"]
[Date "2005.05.17"]
[Round "5"]
[White "Winterholler, Christina"]
[Black "Klumpe, Jan-Karl"]
[Result "1-0"]
[Termination "normal"]
[Board "25"]
[WhiteElo "1200"]
[BlackElo "936"]
[PlyCount "29"]
[WhiteFideId "24652105"]
[EventCountry "GER"]
[EventRounds "11"]
[EventType "swiss"]
[EventDate "2005.05.15"]

1. e4 e5 2. Nf3 Nc6 3. Bc4 Nf6 4. d4 Be7 5. dxe5 Nxe4 6. Qd5 O-O 7. Qxe4 Re8 8.
O-O Bf6 9. Qd5 Re7 10. exf6 gxf6 11. Nc3 Qe8 12. Qh5 d6 13. Nd5 Qd8 14. Nxf6+
Kf8 15. Qh6# 1-0

[Event "DEM U10 2005"]
[Site "Willingen GER"]
[Date "2005.05.17"]
[Round "5"]
[White "Kuhn, Jan"]
[Black "Rethmann, Kristin"]
[Result "1-0"]
[Termination "normal"]
[Board "26"]
[WhiteElo "1164"]
[BlackElo "863"]
[PlyCount "95"]
[BlackFideId "24655805"]
[EventCountry "GER"]
[EventRounds "11"]
[EventType "swiss"]
[EventDate "2005.05.15"]

1. e4 d5 2. exd5 Qxd5 3. Nc3 Qa5 4. d4 Nf6 5. Bc4 Bf5 6. Bd2 c6 7. Nf3 Qc7 8.
Qe2 Bxc2 9. O-O Bf5 10. Rfe1 Nbd7 11. Ng5 Bg6 12. d5 Bh5 13. f3 h6 14. Nge4
cxd5 15. Nxf6+ Nxf6 16. Nxd5 Nxd5 17. Bxd5 e6 18. Bxe6 fxe6 19. Qb5+ Qd7 20.
Qxh5+ Kd8 21. Bg5+ Be7 22. Rad1 Bxg5 23. Rxd7+ Kxd7 24. Qf7+ Kd8 25. Rd1+ Kc8
26. Qd7+ Kb8 27. Qd6+ Kc8 28. Qxe6+ Kb8 29. Qe5+ Kc8 30. Qxg7 Rd8 31. Qc3+ Kb8
32. Rxd8+ Bxd8 33. Qe5+ Kc8 34. Qe6+ Kc7 35. Qxh6 Kd7 36. h3 Rc8 37. f4 Rc1+
38. Kh2 Bc7 39. Qg7+ Kc8 40. Qf8+ Kd7 41. h4 Bd6 42. Qf5+ Kc6 43. Qc8+ Bc7 44.
Qe8+ Kb6 45. Qe3+ Rc5 46. b4 Bxf4+ 47. Qxf4 Rb5 48. Qd6# 1-0